| 000 | 00776nam a2200181Ia 4500 | ||
|---|---|---|---|
| 008 | 100921s9999 xx 000 0 und d | ||
| 082 |
_b35250 _a398.3 न 02 |
||
| 100 | _aदाभोलकर नरेंद्र. | ||
| 245 | _aऎसे कैसे झाले भोंदू. | ||
| 260 |
_bछाया प्रकाशन,सातारा. _c2002 |
||
| 300 |
_a264 _bमयुरेष बुक एजन्सी,कराड |
||
| 365 | _b150 | ||
| 520 | _aस.शा.अंधश्रद्धा,लोकभ्रम. | ||
| 630 | _aऎसे कैसे झाले भोंदू. | ||
| 650 | _aस.शा.अंधश्रद्धा,लोकभ्रम. | ||
| 730 | _aऎसे कैसे झाले भोंदू. | ||
| 942 | _cBOOK | ||
| 999 |
_c784363 _d784360 |
||